| 000 | 00372nam a2200145Ia 4500 | ||
|---|---|---|---|
| 008 | 240624s9999 xx 000 0 und d | ||
| 041 | _aeng | ||
| 082 | _a332.1 FAB | ||
| 100 | _aFABOZZI FRANK J | ||
| 245 | _aFOUNDATIONS OF GLOBAL FINANCIAL MARKETS | ||
| 250 | _a(5th ed.) | ||
| 260 |
_c2019 _aLondon _bThe MIT Press |
||
| 300 | _axxi, 1075 p.; 23 cm. | ||
| 365 |
_c _b33 |
||
| 999 |
_c32227 _d32227 |
||